| 000 | 00333nam a2200133Ia 4500 | ||
|---|---|---|---|
| 008 | 190216s9999||||xx |||||||||||||| ||und|| | ||
| 100 | _aSimmons G F | ||
| 245 | 0 | _aTopology-Introduction To Topology And Modern Analysis | |
| 250 | _astudent | ||
| 260 |
_bMcgraw -hill _c1963 |
||
| 300 | _a372p | ||
| 650 | _aMathematics | ||
| 942 | _cBK | ||
| 999 |
_c30803 _d30803 |
||